| 000 | 01063cam a2200313 a 4500 | ||
|---|---|---|---|
| 999 |
_c1875 _d1875 |
||
| 001 | 17336412 | ||
| 003 | GZU | ||
| 005 | 20201023085700.0 | ||
| 008 | 120607s2013 cauab b 001 0 eng | ||
| 010 | _a 2012023276 | ||
| 020 | _a9781452203201 (pbk.) | ||
| 040 |
_aDLC _cDLC _dDLC |
||
| 042 | _apcc | ||
| 043 | _an-us--- | ||
| 050 | 0 | 0 |
_aHV6250.3.U5 _bV54 2013 |
| 082 | 0 | 0 |
_a362.880973 _223 |
| 245 | 0 | 0 |
_aVictims of crime / _cRobert C. Davis, Arthur J. Lurigio, Susan Herman, edutirs. |
| 250 | _a4th ed. | ||
| 260 |
_aThousand Oaks : _bSAGE Publications, _cc2013. |
||
| 300 |
_axx, 544 p. : _bill., map ; _c26 cm. |
||
| 504 | _aIncludes bibliographical references and index. | ||
| 650 | 0 |
_aVictims of crimes _zUnited States. |
|
| 700 | 1 |
_aDavis, Robert C. _q(Robert Carl) |
|
| 700 | 1 | _aLurigio, Arthur J. | |
| 700 | 1 | _aHerman, Susan. | |
| 906 |
_a7 _bcbc _corignew _d1 _eecip _f20 _gy-gencatlg |
||
| 942 |
_2lcc _cBK _e4th ed. _h6250.3 _iDAV _kHV _m2013 |
||